[Event "ODJM B 2025"]
[Site "Willingen GER"]
[Date "2025.06.11"]
[Round "5"]
[White "Kühne, Malin"]
[Black "Hantke, Karl"]
[Result "0-1"]
[Termination "normal"]
[Board "56"]
[WhiteElo "1536"]
[BlackElo "1666"]
[WhiteClock "00:05:42"]
[BlackClock "00:11:33"]
[PlyCount "78"]
[WhiteFideId "34619747"]
[BlackFideId "34640827"]
[EventCountry "GER"]
[EventRounds "9"]
[EventType "swiss"]
[EventDate "2025.06.07"]

1. d4 {[%clk 01:30:58]} {[%emt 00:00:01]} Nf6 {[%clk 01:30:55]} {[%emt
00:00:06]} 2. c4 {[%clk 01:31:18]} {[%emt 00:00:09]} e6 {[%clk 01:31:15]}
{[%emt 00:00:10]} 3. Nc3 {[%clk 01:31:35]} {[%emt 00:00:13]} b6 {[%clk
01:31:23]} {[%emt 00:00:23]} 4. e4 {[%clk 01:31:35]} {[%emt 00:00:30]} Bb4
{[%clk 01:31:29]} {[%emt 00:00:24]} 5. e5 {[%clk 01:29:33]} {[%emt 00:02:32]}
Ng8 {[%clk 01:28:06]} {[%emt 00:03:53]} 6. Qg4 {[%clk 01:16:24]} {[%emt
00:13:37]} g6 {[%clk 01:25:59]} {[%emt 00:02:40]} 7. a3 {[%clk 01:11:33]}
{[%emt 00:05:21]} Be7 {[%clk 01:25:41]} {[%emt 00:00:47]} 8. Bd3 {[%clk
01:07:37]} {[%emt 00:04:26]} Bb7 {[%clk 01:22:45]} {[%emt 00:03:26]} 9. Nf3
{[%clk 01:05:43]} {[%emt 00:02:22]} d6 {[%clk 01:14:15]} {[%emt 00:09:02]} 10.
O-O {[%clk 01:02:16]} {[%emt 00:03:57]} Nd7 {[%clk 01:05:18]} {[%emt 00:09:27]}
11. Re1 {[%clk 00:57:57]} {[%emt 00:04:49]} Bxf3 {[%clk 01:00:31]} {[%emt
00:05:17]} 12. Qxf3 {[%clk 00:58:03]} {[%emt 00:00:23]} dxe5 {[%clk 01:00:45]}
{[%emt 00:00:17]} 13. dxe5 {[%clk 00:57:37]} {[%emt 00:00:55]} Rb8 {[%clk
00:48:29]} {[%emt 00:12:47]} 14. b4 {[%clk 00:50:23]} {[%emt 00:07:44]} c5
{[%clk 00:45:47]} {[%emt 00:03:13]} 15. b5 {[%clk 00:44:46]} {[%emt 00:06:06]}
Rc8 {[%clk 00:30:16]} {[%emt 00:16:01]} 16. Bf4 {[%clk 00:35:04]} {[%emt
00:10:08]} h5 {[%clk 00:25:40]} {[%emt 00:05:10]} 17. Be4 {[%clk 00:28:41]}
{[%emt 00:06:53]} g5 {[%clk 00:25:22]} {[%emt 00:00:48]} 18. Bc1 {[%clk
00:26:14]} {[%emt 00:02:51]} Nxe5 {[%clk 00:25:02]} {[%emt 00:00:55]} 19. Qe2
{[%clk 00:24:53]} {[%emt 00:01:49]} Bf6 {[%clk 00:18:31]} {[%emt 00:07:04]} 20.
Bb2 {[%clk 00:23:56]} {[%emt 00:01:24]} Ne7 {[%clk 00:17:33]} {[%emt 00:01:31]}
21. Na4 {[%clk 00:19:35]} {[%emt 00:04:51]} Nd7 {[%clk 00:16:53]} {[%emt
00:01:10]} 22. Bxf6 {[%clk 00:17:37]} {[%emt 00:02:27]} Nxf6 {[%clk 00:17:05]}
{[%emt 00:00:19]} 23. Rad1 {[%clk 00:15:57]} {[%emt 00:02:09]} Qc7 {[%clk
00:16:54]} {[%emt 00:00:42]} 24. Qb2 {[%clk 00:15:46]} {[%emt 00:00:34]} Rh6
{[%clk 00:16:23]} {[%emt 00:01:08]} 25. Qd2 {[%clk 00:14:03]} {[%emt 00:02:09]}
Nxe4 {[%clk 00:15:13]} {[%emt 00:01:44]} 26. Rxe4 {[%clk 00:14:27]} {[%emt
00:00:06]} Rg6 {[%clk 00:15:14]} {[%emt 00:00:29]} 27. Re3 {[%clk 00:13:47]}
{[%emt 00:01:08]} Nf5 {[%clk 00:14:08]} {[%emt 00:01:38]} 28. Nc3 {[%clk
00:13:21]} {[%emt 00:00:52]} Nxe3 {[%clk 00:13:36]} {[%emt 00:01:06]} 29. Qxe3
{[%clk 00:13:34]} {[%emt 00:00:17]} Rd8 {[%clk 00:13:50]} {[%emt 00:00:17]} 30.
Rxd8+ {[%clk 00:12:42]} {[%emt 00:01:21]} Qxd8 {[%clk 00:12:47]} {[%emt
00:01:32]} 31. Qe5 {[%clk 00:12:34]} {[%emt 00:00:36]} Qd4 {[%clk 00:12:16]}
{[%emt 00:01:04]} 32. Qxd4 {[%clk 00:05:32]} {[%emt 00:07:31]} cxd4 {[%clk
00:12:38]} {[%emt 00:00:09]} 33. Ne4 {[%clk 00:05:31]} {[%emt 00:00:30]} f5
{[%clk 00:12:32]} {[%emt 00:00:37]} 34. Nd2 {[%clk 00:05:33]} {[%emt 00:00:28]}
e5 {[%clk 00:12:55]} {[%emt 00:00:08]} 35. a4 {[%clk 00:05:46]} {[%emt
00:00:17]} Kd7 {[%clk 00:13:15]} {[%emt 00:00:09]} 36. Kf1 {[%clk 00:05:26]}
{[%emt 00:00:49]} e4 {[%clk 00:13:32]} {[%emt 00:00:14]} 37. a5 {[%clk
00:05:41]} {[%emt 00:00:15]} Kd6 {[%clk 00:12:58]} {[%emt 00:01:04]} 38. axb6
{[%clk 00:05:35]} {[%emt 00:00:35]} axb6 {[%clk 00:12:00]} {[%emt 00:01:28]}
39. Ke2 {[%clk 00:05:42]} {[%emt 00:00:23]} Ke5 {[%clk 00:11:33]} {[%emt
00:00:59]} 0-1

[Event "ODJM B 2025"]
[Site "Willingen GER"]
[Date "2025.06.11"]
[Round "5"]
[White "von Gehlen, Samuel"]
[Black "Asmussen, Johann"]
[Result "1-0"]
[Termination "normal"]
[Board "57"]
[WhiteElo "1533"]
[BlackElo "1563"]
[WhiteClock "01:02:19"]
[BlackClock "01:26:29"]
[PlyCount "73"]
[WhiteFideId "34651551"]
[BlackFideId "16273486"]
[EventCountry "GER"]
[EventRounds "9"]
[EventType "swiss"]
[EventDate "2025.06.07"]

1. e4 {[%clk 01:30:59]} Nc6 {[%clk 01:30:56]} {[%emt 00:00:04]} 2. Nc3 {[%clk
01:31:21]} {[%emt 00:00:08]} Nf6 {[%clk 01:31:19]} {[%emt 00:00:07]} 3. Bc4
{[%clk 01:31:31]} {[%emt 00:00:19]} e5 {[%clk 01:31:16]} {[%emt 00:00:34]} 4.
d3 {[%clk 01:31:48]} {[%emt 00:00:13]} Bb4 {[%clk 01:31:29]} {[%emt 00:00:17]}
5. Bg5 {[%clk 01:31:55]} {[%emt 00:00:22]} h6 {[%clk 01:31:28]} {[%emt
00:00:32]} 6. Bh4 {[%clk 01:31:15]} {[%emt 00:01:10]} d6 {[%clk 01:31:18]}
{[%emt 00:00:40]} 7. h3 {[%clk 01:31:26]} {[%emt 00:00:18]} O-O {[%clk
01:31:27]} {[%emt 00:00:22]} 8. a3 {[%clk 01:31:15]} {[%emt 00:00:41]} Bxc3+
{[%clk 01:31:52]} {[%emt 00:00:05]} 9. bxc3 {[%clk 01:31:36]} {[%emt 00:00:09]}
Be6 {[%clk 01:32:13]} {[%emt 00:00:09]} 10. Bb3 {[%clk 01:31:36]} {[%emt
00:00:30]} d5 {[%clk 01:29:41]} {[%emt 00:03:03]} 11. Bxf6 {[%clk 01:30:44]}
{[%emt 00:01:21]} gxf6 {[%clk 01:29:10]} {[%emt 00:01:01]} 12. exd5 {[%clk
01:26:39]} {[%emt 00:04:35]} Bxd5 {[%clk 01:29:22]} {[%emt 00:00:18]} 13. Bxd5
{[%clk 01:27:06]} {[%emt 00:00:03]} Qxd5 {[%clk 01:29:42]} {[%emt 00:00:10]}
14. Qg4+ {[%clk 01:27:07]} {[%emt 00:00:29]} Kh7 {[%clk 01:29:25]} {[%emt
00:00:48]} 15. Qf5+ {[%clk 01:26:26]} {[%emt 00:01:10]} Kg7 {[%clk 01:29:42]}
{[%emt 00:00:13]} 16. Nf3 {[%clk 01:26:29]} {[%emt 00:00:26]} Ne7 {[%clk
01:29:55]} {[%emt 00:00:17]} 17. Qg4+ {[%clk 01:26:31]} {[%emt 00:00:28]} Kh7
{[%clk 01:30:00]} {[%emt 00:00:25]} 18. O-O {[%clk 01:24:04]} {[%emt 00:02:58]}
Rg8 {[%clk 01:29:55]} {[%emt 00:00:34]} 19. Qh5 {[%clk 01:22:19]} {[%emt
00:02:15]} Rg6 {[%clk 01:28:53]} {[%emt 00:01:33]} 20. Rfe1 {[%clk 01:19:20]}
{[%emt 00:03:28]} Rag8 {[%clk 01:29:02]} {[%emt 00:00:22]} 21. g3 {[%clk
01:19:34]} {[%emt 00:00:15]} Rxg3+ {[%clk 01:28:32]} {[%emt 00:01:01]} 22. fxg3
{[%clk 01:19:32]} {[%emt 00:00:32]} Rxg3+ {[%clk 01:28:53]} {[%emt 00:00:09]}
23. Kf2 {[%clk 01:19:21]} {[%emt 00:00:40]} Rxf3+ {[%clk 01:28:27]} {[%emt
00:00:57]} 24. Qxf3 {[%clk 01:17:11]} {[%emt 00:02:40]} Qc5+ {[%clk 01:28:47]}
{[%emt 00:00:10]} 25. Kg2 {[%clk 01:15:00]} {[%emt 00:02:40]} Qxc3 {[%clk
01:29:04]} {[%emt 00:00:14]} 26. Rac1 {[%clk 01:14:36]} {[%emt 00:00:54]} Kg7
{[%clk 01:28:17]} {[%emt 00:01:17]} 27. Rg1 {[%clk 01:12:52]} {[%emt 00:02:12]}
Ng6 {[%clk 01:28:19]} {[%emt 00:00:30]} 28. Kh2 {[%clk 01:11:50]} {[%emt
00:01:29]} c6 {[%clk 01:28:10]} {[%emt 00:00:43]} 29. Rgf1 {[%clk 01:10:19]}
{[%emt 00:01:56]} Nf4 {[%clk 01:27:35]} {[%emt 00:01:10]} 30. Qg4+ {[%clk
01:06:28]} {[%emt 00:04:18]} Ng6 {[%clk 01:27:38]} {[%emt 00:00:29]} 31. Rg1
{[%clk 01:05:43]} {[%emt 00:01:13]} Qxa3 {[%clk 01:27:23]} {[%emt 00:00:47]}
32. Qd7 {[%clk 01:05:04]} {[%emt 00:01:08]} Qb4 {[%clk 01:27:32]} {[%emt
00:00:19]} 33. Rcf1 {[%clk 01:02:26]} {[%emt 00:03:11]} e4 {[%clk 01:25:53]}
{[%emt 00:02:09]} 34. Rxg6+ {[%clk 01:01:39]} {[%emt 00:01:17]} Kxg6 {[%clk
01:26:08]} {[%emt 00:00:15]} 35. Rg1+ {[%clk 01:02:07]} {[%emt 00:00:02]} Kh7
{[%clk 01:26:06]} {[%emt 00:00:32]} 36. Qxf7+ {[%clk 01:02:27]} {[%emt
00:00:09]} Kh8 {[%clk 01:26:29]} {[%emt 00:00:08]} 37. Rg8# {[%clk 01:02:19]}
{[%emt 00:00:08]} 1-0

[Event "ODJM B 2025"]
[Site "Willingen GER"]
[Date "2025.06.11"]
[Round "5"]
[White "Jones, Colin"]
[Black "Mlynarski, Milosz"]
[Result "0-1"]
[Termination "normal"]
[Board "58"]
[WhiteElo "1531"]
[BlackElo "1647"]
[WhiteClock "01:30:56"]
[BlackClock "00:10:18"]
[PlyCount "152"]
[WhiteFideId "533043655"]
[BlackFideId "34636854"]
[EventCountry "GER"]
[EventRounds "9"]
[EventType "swiss"]
[EventDate "2025.06.07"]

1. e4 {[%clk 01:30:58]} {[%emt 00:00:02]} c5 {[%clk 01:30:54]} {[%emt
00:00:06]} 2. Nf3 {[%clk 01:31:23]} {[%emt 00:00:05]} e6 {[%clk 01:31:17]}
{[%emt 00:00:07]} 3. c3 {[%clk 01:31:40]} {[%emt 00:00:14]} Nf6 {[%clk
01:31:40]} {[%emt 00:00:06]} 4. e5 {[%clk 01:31:55]} {[%emt 00:00:14]} Nd5
{[%clk 01:32:05]} {[%emt 00:00:06]} 5. d4 {[%clk 01:32:10]} {[%emt 00:00:15]}
cxd4 {[%clk 01:32:19]} {[%emt 00:00:15]} 6. cxd4 {[%clk 01:32:35]} {[%emt
00:00:05]} Nc6 {[%clk 01:32:22]} {[%emt 00:00:28]} 7. Nc3 {[%clk 01:32:33]}
{[%emt 00:00:31]} Nxc3 {[%clk 01:30:34]} {[%emt 00:02:18]} 8. bxc3 {[%clk
01:32:42]} {[%emt 00:00:22]} d6 {[%clk 01:30:16]} {[%emt 00:00:48]} 9. Bb5
{[%clk 01:31:54]} {[%emt 00:01:17]} Bd7 {[%clk 01:29:44]} {[%emt 00:01:02]} 10.
O-O {[%clk 01:31:41]} {[%emt 00:00:43]} Nxe5 {[%clk 01:27:25]} {[%emt
00:02:50]} 11. Bxd7+ {[%clk 01:30:16]} {[%emt 00:01:54]} Nxd7 {[%clk 01:27:24]}
{[%emt 00:00:32]} 12. Bf4 {[%clk 01:29:01]} {[%emt 00:01:45]} Be7 {[%clk
01:26:09]} {[%emt 00:01:44]} 13. Qb3 {[%clk 01:28:52]} {[%emt 00:00:39]} Qb6
{[%clk 01:24:56]} {[%emt 00:01:43]} 14. Rfe1 {[%clk 01:28:27]} {[%emt
00:00:56]} O-O {[%clk 01:21:33]} {[%emt 00:03:53]} 15. Bg5 {[%clk 01:28:27]}
{[%emt 00:00:29]} Bxg5 {[%clk 01:21:01]} {[%emt 00:01:02]} 16. Nxg5 {[%clk
01:28:50]} {[%emt 00:00:08]} Qxb3 {[%clk 01:20:29]} {[%emt 00:01:02]} 17. axb3
{[%clk 01:29:14]} {[%emt 00:00:06]} d5 {[%clk 01:20:29]} {[%emt 00:00:29]} 18.
f4 {[%clk 01:29:15]} {[%emt 00:00:30]} h6 {[%clk 01:19:50]} {[%emt 00:01:08]}
19. Nf3 {[%clk 01:29:29]} {[%emt 00:00:16]} g6 {[%clk 01:19:35]} {[%emt
00:00:45]} 20. g4 {[%clk 01:29:29]} {[%emt 00:00:30]} Rfe8 {[%clk 01:17:18]}
{[%emt 00:02:47]} 21. Ra2 {[%clk 01:28:59]} {[%emt 00:01:01]} a6 {[%clk
01:04:09]} {[%emt 00:13:38]} 22. Kf2 {[%clk 01:29:06]} {[%emt 00:00:24]} Rac8
{[%clk 01:04:30]} {[%emt 00:00:09]} 23. Rc2 {[%clk 01:28:58]} {[%emt 00:00:37]}
Nf6 {[%clk 01:04:21]} {[%emt 00:00:39]} 24. Ne5 {[%clk 01:27:07]} {[%emt
00:02:21]} Ne4+ {[%clk 01:04:35]} {[%emt 00:00:16]} 25. Ke3 {[%clk 01:27:01]}
{[%emt 00:00:36]} Rxc3+ {[%clk 01:00:57]} {[%emt 00:04:09]} 26. Rxc3 {[%clk
01:27:14]} {[%emt 00:00:17]} Nxc3 {[%clk 01:01:19]} {[%emt 00:00:08]} 27. Rc1
{[%clk 01:25:51]} {[%emt 00:01:53]} Nb5 {[%clk 01:01:37]} {[%emt 00:00:11]} 28.
h4 {[%clk 01:25:43]} {[%emt 00:00:38]} Re7 {[%clk 00:55:32]} {[%emt 00:06:35]}
29. Nd3 {[%clk 01:23:37]} {[%emt 00:02:36]} Rc7 {[%clk 00:53:28]} {[%emt
00:02:34]} 30. Ra1 {[%clk 01:23:22]} {[%emt 00:00:46]} Rc3 {[%clk 00:52:13]}
{[%emt 00:01:45]} 31. b4 {[%clk 01:23:21]} {[%emt 00:00:31]} Nd6 {[%clk
00:52:06]} {[%emt 00:00:36]} 32. Ke2 {[%clk 01:23:08]} {[%emt 00:00:42]} Ne4
{[%clk 00:51:28]} {[%emt 00:01:09]} 33. Nc5 {[%clk 01:22:31]} {[%emt 00:01:07]}
Nxc5 {[%clk 00:51:28]} {[%emt 00:00:30]} 34. bxc5 {[%clk 01:22:54]} {[%emt
00:00:06]} Rb3 {[%clk 00:51:07]} {[%emt 00:00:52]} 35. g5 {[%clk 01:23:00]}
{[%emt 00:00:24]} hxg5 {[%clk 00:51:23]} {[%emt 00:00:14]} 36. hxg5 {[%clk
01:23:24]} {[%emt 00:00:06]} Rb4 {[%clk 00:51:00]} {[%emt 00:00:54]} 37. Ke3
{[%clk 01:23:28]} {[%emt 00:00:26]} Kf8 {[%clk 00:46:27]} {[%emt 00:05:02]} 38.
c6 {[%clk 01:23:27]} {[%emt 00:00:32]} bxc6 {[%clk 00:45:42]} {[%emt 00:01:15]}
39. Rxa6 {[%clk 01:23:47]} {[%emt 00:00:09]} Rc4 {[%clk 00:46:05]} {[%emt
00:00:07]} 40. Ra8+ {[%clk 01:23:54]} {[%emt 00:00:23]} Kg7 {[%clk 00:45:26]}
{[%emt 00:01:09]} 41. Rc8 {[%clk 01:24:13]} {[%emt 00:00:12]} Rc3+ {[%clk
00:45:03]} {[%emt 00:00:52]} 42. Ke2 {[%clk 01:24:36]} {[%emt 00:00:07]} Rc1
{[%clk 00:42:05]} {[%emt 00:03:29]} 43. Kd2 {[%clk 01:24:22]} {[%emt 00:00:44]}
Rf1 {[%clk 00:42:18]} {[%emt 00:00:16]} 44. Ke3 {[%clk 01:24:48]} {[%emt
00:00:04]} Re1+ {[%clk 00:42:39]} {[%emt 00:00:10]} 45. Kf3 {[%clk 01:25:03]}
{[%emt 00:00:15]} Re4 {[%clk 00:43:00]} {[%emt 00:00:08]} 46. Rxc6 {[%clk
01:25:24]} {[%emt 00:00:09]} Rxd4 {[%clk 00:43:23]} {[%emt 00:00:08]} 47. Rc7
{[%clk 01:25:39]} {[%emt 00:00:14]} Re4 {[%clk 00:36:25]} {[%emt 00:07:28]} 48.
Rd7 {[%clk 01:25:52]} {[%emt 00:00:17]} e5 {[%clk 00:27:34]} {[%emt 00:09:21]}
49. Rxd5 {[%clk 01:26:01]} {[%emt 00:00:21]} Rxf4+ {[%clk 00:27:44]} {[%emt
00:00:19]} 50. Kg3 {[%clk 01:26:01]} {[%emt 00:00:30]} Rf5 {[%clk 00:26:16]}
{[%emt 00:01:59]} 51. Kg4 {[%clk 01:26:02]} {[%emt 00:00:29]} e4 {[%clk
00:25:53]} {[%emt 00:00:54]} 52. Rd4 {[%clk 01:26:27]} {[%emt 00:00:05]} Re5
{[%clk 00:18:54]} {[%emt 00:07:29]} 53. Rd1 {[%clk 01:26:13]} {[%emt 00:00:43]}
e3 {[%clk 00:18:47]} {[%emt 00:00:37]} 54. Re1 {[%clk 01:26:40]} {[%emt
00:00:04]} e2 {[%clk 00:19:05]} {[%emt 00:00:12]} 55. Kf4 {[%clk 01:27:01]}
{[%emt 00:00:09]} Re6 {[%clk 00:19:21]} {[%emt 00:00:13]} 56. Kf3 {[%clk
01:27:23]} {[%emt 00:00:09]} f6 {[%clk 00:18:49]} {[%emt 00:01:01]} 57. gxf6+
{[%clk 01:27:23]} {[%emt 00:00:30]} Rxf6+ {[%clk 00:18:49]} {[%emt 00:00:31]}
58. Kg4 {[%clk 01:27:25]} {[%emt 00:00:27]} Re6 {[%clk 00:19:04]} {[%emt
00:00:15]} 59. Kf3 {[%clk 01:27:48]} {[%emt 00:00:07]} Kf6 {[%clk 00:19:26]}
{[%emt 00:00:08]} 60. Kf4 {[%clk 01:27:52]} {[%emt 00:00:25]} g5+ {[%clk
00:19:17]} {[%emt 00:00:40]} 61. Kg4 {[%clk 01:27:59]} {[%emt 00:00:23]} Re4+
{[%clk 00:12:32]} {[%emt 00:07:14]} 62. Kf3 {[%clk 01:28:16]} {[%emt 00:00:14]}
Kf5 {[%clk 00:12:23]} {[%emt 00:00:39]} 63. Kg3 {[%clk 01:28:29]} {[%emt
00:00:17]} Re3+ {[%clk 00:12:38]} {[%emt 00:00:14]} 64. Kg2 {[%clk 01:28:39]}
{[%emt 00:00:21]} Kf4 {[%clk 00:12:34]} {[%emt 00:00:34]} 65. Kf2 {[%clk
01:29:00]} {[%emt 00:00:09]} Rf3+ {[%clk 00:11:55]} {[%emt 00:01:09]} 66. Kg2
{[%clk 01:29:06]} {[%emt 00:00:24]} Ke3 {[%clk 00:12:10]} {[%emt 00:00:14]} 67.
Ra1 {[%clk 01:29:07]} {[%emt 00:00:30]} Rf1 {[%clk 00:11:29]} {[%emt 00:01:12]}
68. Rxf1 {[%clk 01:28:42]} {[%emt 00:00:55]} exf1=Q+ {[%clk 00:11:48]} {[%emt
00:00:10]} 69. Kxf1 {[%clk 01:29:08]} {[%emt 00:00:04]} Kf3 {[%clk 00:12:06]}
{[%emt 00:00:12]} 70. Kg1 {[%clk 01:29:30]} {[%emt 00:00:08]} Kg3 {[%clk
00:12:31]} {[%emt 00:00:05]} 71. Kh1 {[%clk 01:29:53]} {[%emt 00:00:07]} g4
{[%clk 00:08:26]} {[%emt 00:04:35]} 72. Kg1 {[%clk 01:29:53]} {[%emt 00:00:30]}
Kh3 {[%clk 00:08:42]} {[%emt 00:00:14]} 73. Kh1 {[%clk 01:30:12]} {[%emt
00:00:11]} g3 {[%clk 00:09:07]} {[%emt 00:00:04]} 74. Kg1 {[%clk 01:30:25]}
{[%emt 00:00:17]} g2 {[%clk 00:09:31]} {[%emt 00:00:06]} 75. Kf2 {[%clk
01:30:43]} {[%emt 00:00:12]} Kh2 {[%clk 00:09:57]} {[%emt 00:00:05]} 76. Kf3
{[%clk 01:30:56]} {[%emt 00:00:17]} g1=Q {[%clk 00:10:18]} {[%emt 00:00:09]}
0-1

[Event "ODJM B 2025"]
[Site "Willingen GER"]
[Date "2025.06.11"]
[Round "5"]
[White "Görlach, Hanna"]
[Black "de Cauter, Leah"]
[Result "0-1"]
[Termination "normal"]
[Board "59"]
[WhiteElo "1511"]
[BlackElo "1649"]
[WhiteClock "00:43:13"]
[BlackClock "00:06:15"]
[PlyCount "56"]
[WhiteFideId "34675604"]
[BlackFideId "16222350"]
[EventCountry "GER"]
[EventRounds "9"]
[EventType "swiss"]
[EventDate "2025.06.07"]

1. c4 {[%clk 01:30:58]} {[%emt 00:00:02]} c6 {[%clk 01:30:46]} {[%emt
00:00:15]} 2. Nf3 {[%clk 01:31:23]} {[%emt 00:00:04]} d5 {[%clk 01:30:57]}
{[%emt 00:00:19]} 3. e3 {[%clk 01:31:48]} {[%emt 00:00:04]} Nf6 {[%clk
01:31:16]} {[%emt 00:00:12]} 4. Nc3 {[%clk 01:32:13]} {[%emt 00:00:05]} Bf5
{[%clk 01:30:51]} {[%emt 00:00:54]} 5. b3 {[%clk 01:32:15]} {[%emt 00:00:28]}
e6 {[%clk 01:30:08]} {[%emt 00:01:14]} 6. Bb2 {[%clk 01:32:33]} {[%emt
00:00:11]} Nbd7 {[%clk 01:28:39]} {[%emt 00:01:59]} 7. cxd5 {[%clk 01:31:22]}
{[%emt 00:01:42]} exd5 {[%clk 01:28:09]} {[%emt 00:01:01]} 8. Be2 {[%clk
01:28:47]} {[%emt 00:03:04]} Bb4 {[%clk 01:20:38]} {[%emt 00:08:00]} 9. O-O
{[%clk 01:28:35]} {[%emt 00:00:42]} O-O {[%clk 01:17:33]} {[%emt 00:03:36]} 10.
a3 {[%clk 01:23:58]} {[%emt 00:05:07]} Bd6 {[%clk 01:11:48]} {[%emt 00:06:14]}
11. d4 {[%clk 01:20:54]} {[%emt 00:03:35]} Re8 {[%clk 01:05:57]} {[%emt
00:06:21]} 12. h3 {[%clk 01:18:42]} {[%emt 00:02:41]} Qe7 {[%clk 01:01:03]}
{[%emt 00:05:24]} 13. Qd2 {[%clk 01:13:22]} {[%emt 00:05:49]} Ne4 {[%clk
00:59:23]} 14. Nxe4 {[%clk 01:13:44]} {[%emt 00:02:19]} Bxe4 {[%clk 00:57:40]}
15. Rfc1 {[%clk 01:08:42]} {[%emt 00:07:45]} h6 {[%clk 00:55:59]} 16. b4 {[%clk
01:03:54]} {[%emt 00:07:29]} Nf6 {[%clk 00:37:26]} 17. Ne1 {[%clk 00:59:55]}
{[%emt 00:23:32]} Rac8 {[%clk 00:32:12]} {[%emt 00:05:46]} 18. Bd3 {[%clk
00:59:03]} {[%emt 00:01:21]} Bxd3 {[%clk 00:29:46]} {[%emt 00:02:55]} 19. Nxd3
{[%clk 00:59:27]} {[%emt 00:00:07]} Ne4 {[%clk 00:29:23]} {[%emt 00:00:52]} 20.
Qe1 {[%clk 00:59:12]} {[%emt 00:00:45]} Rc7 {[%clk 00:22:55]} {[%emt 00:06:59]}
21. Nc5 {[%clk 00:57:22]} {[%emt 00:02:20]} Bxc5 {[%clk 00:13:04]} {[%emt
00:10:21]} 22. dxc5 {[%clk 00:57:41]} {[%emt 00:00:11]} Qe6 {[%clk 00:13:02]}
{[%emt 00:00:31]} 23. Rc2 {[%clk 00:55:56]} {[%emt 00:02:15]} Rce7 {[%clk
00:13:02]} {[%emt 00:00:30]} 24. Qd1 {[%clk 00:55:08]} {[%emt 00:01:18]} Qg6
{[%clk 00:11:18]} {[%emt 00:02:13]} 25. Qd4 {[%clk 00:54:07]} {[%emt 00:01:33]}
Ng5 {[%clk 00:10:38]} {[%emt 00:01:10]} 26. Kf1 {[%clk 00:51:54]} {[%emt
00:02:43]} f6 {[%clk 00:08:46]} {[%emt 00:02:22]} 27. Rd1 {[%clk 00:45:51]}
{[%emt 00:06:33]} Qxc2 {[%clk 00:08:03]} {[%emt 00:01:13]} 28. Rd3 {[%clk
00:43:13]} {[%emt 00:03:08]} Ne4 {[%clk 00:06:15]} {[%emt 00:02:17]} 0-1